Statistiques concernant Paroles - Voyage, voyage - Desireless

Cliquez ici pour prendre le quiz!

Statistiques générales

  • Ce quiz a été pris 142 fois
    (140 depuis la dernière actualisation)
  • Le résultat moyen est 137 sur 187

Statistiques - réponses

Réponse% Correct
(voyage,
99%
Voyage
99%
voyage)
99%
voyage
99%
(voyage)
99%
le
97%
de
96%
De
96%
Et
92%
et
92%
la
92%
Des
90%
des
90%
les
90%
du
88%
au
87%
Dans
86%
dans
86%
que
84%
jour
83%
loin
83%
Vol
83%
nuit
82%
Plus
81%
vent
77%
volcans
77%
vieux
75%
Au-dessus
71%
en
71%
hauteurs
71%
ne
71%
Ne
71%
l'amour
69%
Sur
68%
marécages
67%
tapis
65%
Eternellement
64%
nuages
63%
d'un
62%
indien
60%
inouï
60%
l'espace
60%
jamais
59%
d'équateur
58%
reviens
58%
sous
58%
l'océan
57%
fleuve
56%
pas
55%
pluie
54%
ailes
52%
Chez
52%
chez
52%
Jaunes
52%
idées
51%
fatales
50%
t'arrête
50%
Regarde
49%
d'Espagne
48%
l'eau
48%
tout
48%
capitales
47%
Sahara
45%
l'Amazone
44%
royaume
43%
sacrée
42%
Glissent
39%
Blacks
38%
dunes
38%
ou
37%
Gange
36%
îles
33%
Fidji
31%
Fuji-yama
30%
barbelés
27%
coeurs
27%
bombardés
25%
Sikhs
23%
Au-d'ssus
17%

Distribution des résultats

Percentile par nombre de réponses

% des personnes avec chaque résultat

Votre développement - résultats

Vous n’avez pas pris ce quiz depuis la dernière actualisation